|
|
|
|
| LEADER |
00000nam0a2200000 4500 |
| 001 |
287311 |
| 005 |
20231101235957.0 |
| 020 |
|
|
|a RU
|b 85-64632
|
| 035 |
|
|
|a (RuTPU)RU\TPU\book\311702
|
| 090 |
|
|
|a 287311
|
| 100 |
|
|
|a 20150314d1985 m y0rusy5003 ca
|
| 101 |
0 |
|
|a rus
|
| 102 |
|
|
|a LV
|
| 105 |
|
|
|a y j 001zy
|
| 200 |
1 |
|
|a Особенности хозяйственного механизма функционирования кооперативных промышленных предприятий
|e конспект лекций
|f Т. А. Бреус
|
| 210 |
|
|
|a Рига
|c МИПКСНХ ЛатвССР
|d 1985
|
| 215 |
|
|
|a 84 с.
|
| 320 |
|
|
|a Библиогр.: с. 80-82 (33 назв.)
|
| 606 |
1 |
|
|a Потребительская кооперация
|2 stltpush
|3 (RuTPU)RU\TPU\subj\36657
|9 57958
|
| 610 |
1 |
|
|a кооперативные предприятия
|
| 610 |
1 |
|
|a хозяйственный механизм
|
| 610 |
1 |
|
|a промышленность
|
| 610 |
1 |
|
|a экономическая самостоятельность
|
| 610 |
1 |
|
|a кооперативная деятельность
|
| 610 |
1 |
|
|a кооперативы
|
| 610 |
1 |
|
|a учебные пособия
|
| 686 |
|
|
|a У9(2)42я73
|2 rubbk
|
| 700 |
|
1 |
|a Бреус
|b Т. А.
|g Татьяна Антоновна
|4 070
|
| 801 |
|
0 |
|a RU
|b RuMRKP
|c 19950704
|g psbo
|
| 801 |
|
1 |
|a RU
|b 63413507
|c 20150314
|
| 801 |
|
2 |
|a RU
|b 63413507
|c 20171228
|g RCR
|
| 942 |
|
|
|c BK
|